00647nam a22001937a 450000500170000001000150001702000260003203500140005803700130007208200060008510000200009124500700011126000410018127000530022230000220027594200200029799900190031795201170033620170823122756.0 aENG-120007 c250.00a9789380828794 aEN-103539 bDBAD/PUB aS aChowdhury, K.L. aFaith & frenzy :bshort stories from kashmir /cby K.L. Chowdhruy aNew DelhibVitasta Publishing c2012 a2/15, Ansari Road, Daryaganj, bNew Dehie110002 a232p. c22cm(pbk) 2ddccENhSmCHO c143708d143708 001040708FICaBL1bBL1d2017-08-23eDBAD/PUBg250.00l0oS CHOpEN-103539r2017-08-23 00:00:00t1v250.00yEN